SkiweltmeisterInnen WM 2021 - Statistiken

Allgemein
  • Dieses Quiz wurde 105 mal gespielt
  • Das Durchschnittsergebnis liegt bei 10 aus 14
Antwortstatistiken
Disziplin Geschlecht SiegerIn Nation % Korrekt
Kombination weiblich Mikaela Shiffrin USA
90%
Parallel weiblich Katharina Liensberger Österreich
89%
Slalom weiblich Katharina Liensberger Österreich
89%
Kombination männlich Marco Schwarz Österreich
83%
Abfahrt männlich Vincent Kriechmayr Österreich
80%
Super-G männlich Vincent Kriechmayr Österreich
80%
Super-G weiblich Lara Gut-Behrami Schweiz
79%
Riesenslalom weiblich Lara Gut-Behrami Schweiz
79%
Abfahrt weiblich Corinne Suter Schweiz
71%
Teambewerb männlich/weiblich Norwegen /
63%
Parallel weiblich Marta Bassino Italien
61%
Slalom männlich Sebastian Foss Solevaag Norwegen
60%
Parallel männlich Mathieu Faivre Frankreich
56%
Riesenslalom männlich Mathieu Faivre Frankreich
56%
Keine übereinstimmenden Quizze gefunden
Verteilung der Resultate
Anzahl Personen mit jedem Resultat
Perzentil nach korrekt beantworteten Fragen
Ihre Resultats-Entwicklung
Sie haben dieses Quiz noch nicht gespielt